Matemática 3: texto fichas del alumno

保存先:
書誌詳細
主要な著者: Lillo Troncoso, María Ludovisa (autora), Vergara Arthur, María Angélica (著者)
フォーマット: 図書
言語:スペイン語
出版事項: Santiago Santillana 1981
シリーズ:Educación Santillana
主題:
タグ: タグ追加
タグなし, このレコードへの初めてのタグを付けませんか!

MARC

LEADER 00000nam a2200000 a 4500
001 UCW5385
003 CL-VaPUC
008 910411e19810000CL |||||||||||||||||spa|d
082 0 4 |a 372.7  |b LIL  |2 21 
100 |a Lillo Troncoso, María Ludovisa  |e autora  |9 350939 
700 0 |a Vergara Arthur, María Angélica  |e author  |9 310347 
245 1 0 |a Matemática 3: texto fichas del alumno 
300 |a 192 p 
942 |c BK 
945 |d 19910411 00:00:00 
260 |a Santiago  |b Santillana  |c 1981 
650 0 |a Matemática  |9 260235 
650 7 |a LIBROS DE TEXTOS  |2 CL-VaPUC  |9 310348 
583 |a last modification  |c 19910411 00:00:00  |k Rodrigo Vera 
490 0 |a Educación Santillana 
999 |c 218838  |d 218836 
952 |0 0  |1 0  |4 0  |6 372_700000000000000_LIL_1981  |7 0  |8 P  |9 209029  |a BIBEDU  |b BIBEDU  |c BIBEDU_PB  |d 2019-11-15  |i 2768259  |o 372.7 LIL 1981  |p 2768259  |r 2024-01-25  |w 2019-11-15  |y BK  |k EDU